| 000 | 00490 a2200133 4500 | ||
|---|---|---|---|
| 001 | 90923 | ||
| 082 | _aPR 1011 | ||
| 090 |
_c43056 _d43056 |
||
| 100 | _aFarhat Abbas; Prof Salman Absar and M Ismail (advisors) | ||
| 245 |
_aTo study the feasibility of installing landing gear cowls on MFI-17 Mashshak A/C if found feasibe to give manufacturing and fabrication progress of cowls _n31st 'A' EC |
||
| 260 |
_aKarachi _bNED University _c1990 |
||
| 300 | _avi;50p | ||
| 500 | _aBE Project Reports | ||
| 942 |
_aCAE Nust _kPR 1011 |
||
| 999 |
_c325996 _d325996 |
||